000 00500nam a2200157Ia 4500
008 210716s2018 xx 000 0 und d
020 _a9780070140653
041 _aeng
082 _a332.64 GRAB
100 _aGraham, Benjamin;Dodd, David L.
245 _aSecurity analysis: principles and technique.
_bPrinciples and technique.
250 _a6
260 _aChennai
_bTata McGraw Hill Education Private Limited
_c2018
300 _axliv,766
650 _aInvestment Analysis & Portfolio Management
999 _c211085
_d211085